书目信息 |
| 题名: |
红外成像阵列与系统
|
|
| 作者: | 常本康 , 蔡毅 编著 | |
| 分册: | ||
| 出版信息: | 北京 科学出版社 2006.04 |
|
| 页数: | 259页 | |
| 开本: | 24cm | |
| 丛书名: | 普通高等教育"十五"国家级规划教材 | |
| 单 册: | ||
| 中图分类: | TN216 | |
| 科图分类: | ||
| 主题词: | 红外成像系统--高等学校--教材 , 红外系统 | |
| 电子资源: | ||
| ISBN: | 7-03-016813-5 | |
| 000 | 00760nam0 2200241 450 | |
| 001 | 0631103514 | |
| 005 | 20061010162604.21 | |
| 010 | @a7-03-016813-5@dCNY 28.00 | |
| 100 | @a20060821d2006 km y0chiy0120 ea | |
| 101 | 0 | @achi |
| 102 | @aCN@b110000 | |
| 200 | 1 | @a红外成像阵列与系统@Ahong wai cheng xiang zhen lie yu xi tong@f常本康,蔡毅编著@Fchang ben kang,cai yi bian zhu |
| 210 | @a北京@c科学出版社@d2006.04 | |
| 215 | @a259页@d24cm | |
| 225 | 2 | @a普通高等教育"十五"国家级规划教材 |
| 410 | 0 | @12001 @a普通高等教育"十五"国家级规划教材 |
| 606 | 0 | @a红外成像系统@x高等学校@x教材 |
| 606 | 0 | @a红外系统 |
| 690 | @aTN216@v4 | |
| 701 | 0 | @a常本康@Achang ben kang@4编著 |
| 701 | 0 | @a蔡毅@Acai yi@4编著 |
| 801 | @aCN@c20061010 | |
| 905 | @a10447@dTN216@eC271 | |
| 红外成像阵列与系统/常本康,蔡毅编著.-北京:科学出版社,2006.04 |
| 259页;24cm.-(普通高等教育"十五"国家级规划教材) |
| ISBN 7-03-016813-5:CNY 28.00 |
| ● |
| 相关链接 |
|
|
|
正题名:红外成像阵列与系统
索取号:TN216/C271
 
预约/预借
| 序号 | 登录号 | 条形码 | 馆藏地/架位号 | 状态 | 备注 |
| 1 | 608920 | 206089203 | 自科库301/301自科库 25排3列1层/ [索取号:TN216/C271] | 在馆 | |
| 2 | 608921 | 206089212 | 自科库301/301自科库 18排4列3层/ [索取号:TN216/C271] | 在馆 | |
| 3 | 608922 | 206089221 | 自科库301/301自科库 25排3列1层/ [索取号:TN216/C271] | 在馆 |